Gaming Quiz

Random Gaming Quiz

A few doodle god elements (iphone) Quiz Stats

 Plays Quiz not verified by Sporcle

Score 0/43 Timer 10:00
0 Plays Today
% Correct
fire
92.9%
water
92.9%
air
85.7%
earth
78.6%
metal
64.3%
lava
57.1%
life
57.1%
swamp
50%
electricity
50%
dust
42.9%
energy
42.9%
clay
42.9%
human
42.9%
bacteria
42.9%
stone
35.7%
sand
35.7%
alcohol
35.7%
steam
35.7%
storm
35.7%
glass
28.6%
ash
28.6%
plankton
28.6%
% Correct
plasma
21.4%
weeds
21.4%
vodka
21.4%
boiler
21.4%
moss
21.4%
grass
21.4%
seeds
21.4%
golem
14.3%
ghost
14.3%
zombie
14.3%
tobacco
7.1%
7.1%
quicksilver
0%
bricks
0%
corpse
0%
ghoul
0%
shell
0%
limestone
0%
cement
0%
concrete
0%
coffee
0%

You're not logged in!

Compare scores with friends on all Sporcle quizzes.
OR
Log In

Show Comments

Extras

Created Feb 25, 2012ReportNominate
Tags:doodle, few, god, iPhone, version

Top Quizzes Today


Score Distribution

Your Account Isn't Verified!

In order to create a playlist on Sporcle, you need to verify the email address you used during registration. Go to your Sporcle Settings to finish the process.

Report this User

Report this user for behavior that violates our Community Guidelines.

Details: